000 00393nam a22001097a 4500
008 160509b xxu||||| |||| 00| 0 eng d
100 _aSchmidt-Andersen, J.
245 _aDanske essays og provetryk, 1849-1902
260 _bNordisk Filatelistisk Tidsskrift
_c1950
650 _aDenmark | Essays and Proofs | 1849-1902 | 19th Century | 20th Century | Production | Designs
700 _aKing-Farlow, R.
999 _c1998
_d1998